000 01944cam a2200397 i 4500
001 18990342
003 NUST
005 20220721085614.0
008 160225s2016 nyu 001 0 eng
010 _a 2016007455
020 _a9780812997859 (hardback)
020 _z9780812997866 (ebook)
040 _aDLC
_beng
_cDLC
_erda
_dDLC
042 _apcc
050 0 0 _aBF199
_b.A37 2016
082 0 0 _a155.9, AIK
_223
084 _aPSY031000
_aPSY045010
_aTEC052000
_2bisacsh
100 1 _aAiken, Mary,
_eauthor.
_994204
245 1 4 _aThe cyber effect :
_ba pioneering cyber-psychologist explains how human behavior changes online /
_cMary Aiken, PhD
264 1 _aNew York :
_bSpiegel & Grau,
_c[2016]
300 _a387 pages ;
_c25 cm
336 _atext
_btxt
_2rdacontent
337 _aunmediated
_bn
_2rdamedia
338 _avolume
_bnc
_2rdacarrier
505 _aPrologue: When Humans and Technology Collide (Page-3), Chapter 1: The Normalization of a Fetish (Page-21), Chapter 2: Designed to Addict (Page-46), Chapter 3: Cyber Babies (Page-88), Chapter 4: Frankenstein and the Little Girl (Page-119), Chapter 5: Teenagers, Monkeys, and Mirrors (Page-165), Chapter 6: Cyber Romance (Page-206), Chapter 7: Cyberchondria and the Worried Well (Page-232), Chapter 8: What Lies Beneath: The Deep Web (Page-261), Chapter 9: The Cyber Frontier (Page-298).
650 0 _aHuman behavior.
_994205
650 0 _aInternet users
_xPsychology.
_994206
650 0 _aInterpersonal relations
_xPsychological aspects.
_994207
650 0 _aSocial psychology.
650 7 _aPSYCHOLOGY / Social Psychology.
_2bisacsh
_994208
650 7 _aPSYCHOLOGY / Movements / Behaviorism.
_2bisacsh
_994209
650 7 _aTECHNOLOGY & ENGINEERING / Social Aspects.
_2bisacsh
_988935
906 _a7
_bcbc
_corignew
_d1
_eecip
_f20
_gy-gencatlg
942 _2ddc
_cBK
999 _c590426
_d590426